000 00742nam a22002177a 4500
003 UA-OsUOA
001 46275
007 ta
008 20070612b un ||||| |||| 00| 0 ukr d
100 _aПрес-служба Президента України
090 _a32
_bП-12
942 _cSA
040 _aUA-OsUOA
_bukr
_cUA-OsUOA
_dUA-OsUOA
245 _aПитань резонансного зарактеру поменшає/ Про саміт глав держав членів СНД у Санкт-Петербурзі, участ у ньому Президента України Ющенка В.А.
300 _aС.1, 3
955 _a0
041 _aukr
080 _a32
773 0 _w46274
650 7 _a32 Політика
_2UDC
999 _c332374
_d332374